000 01301nam a2200325 a 4500
001 000111802
003 CHAP
005 20220329144229.0
008 150817s2015 mx a fsm |||||||spa d
010 _a108263
011 _a109235
040 _cCHAP
090 _aTesis
100 1 _aGonzález Hernández, Amarilis
_9129759
245 1 0 _aEducación ambiental para la sustentabilidad :
_h[En línea]
_bestado de conocimiento 2002-2012 en las Unidades Académicas de Fitotecnia y Suelos de la UACh /
_cpor Amarilis González Hernández.
260 _aChapingo, Méx. :
_bEl autor,
_c2015.
500 _aPara ver el contenido del material haga clic en la liga
502 _aTesis (Maestra en Procesos Educativos) -- UACH. Centro de Educación Continua
590 _aE11695DGD
_b10
_c20170209
_lUCH01
_h1435
590 _aE6096MTM
_b05
_c20150817
_lUCH01
_h1233
590 _aE6096MTM
_b05
_c20150817
_lUCH01
_h1234
590 _aE6096MTM
_b05
_c20150817
_lUCH01
_h1236
650 1 4 _aDesarrollo sustentable
_zMéxico (Edo.).
_932104
650 1 4 _aEducación ambiental
_xInvestigaciones.
_9129455
650 1 4 _aRecursos naturales
_xAdministración
_zMéxico (Edo.).
_995181
856 _aFinding aid
_uhttp://10.13.5.2/tesis/sist111802.pdf
_zTeclea aquí
901 _aBK
942 _cTESIS
942 _n0
999 _c108263
_d108263